| 000 | 00371nam a22001217a 4500 | ||
|---|---|---|---|
| 008 | 230703b xxu||||| |||| 00| 0 eng d | ||
| 082 |
_a342 16 _bIPU 1990 |
||
| 245 |
_aConstitutional and Parliamentary Information ASGP _bAssociation of Secretaries General of Parliaments |
||
| 260 |
_bInter-Parliamentary Union _c1990 |
||
| 300 | _a136p | ||
| 440 | _n160 | ||
| 942 |
_2ddc _cBK |
||
| 999 |
_c3432 _d3432 |
||